000 00693nam a2200217 a 4500
005 20240426063743.0
008 030821s2000 mx r 000 0 spa d
020 _a8436814312
035 _aUPN01000128099
049 _aCG
050 4 _aHV713
_bF4.2
100 1 _aFernández del Valle, Jorge
245 1 3 _aEl acogimiento residencial en la protección a la infancia /
_cJorge Fernández del Valle, Jesús Fuertes Zurita.
260 _aMadrid :
_bPirámide,
_c2000.
300 _a252 p.
440 0 _aPsicología
650 4 _aNIÑOS -
_xASISTENCIA SOCIAL
_917876
650 4 _aNiños
_xBeneficencia, protección, etc.
_925
700 1 _aFuertes Zurita, Jesús,
_ecoaut.
905 _aLibro
999 _c100278
_d100278